Science Quiz

Random Science or Letter Quiz
Score 0/12 Timer 02:00
3 Plays Today
% Correct
Copper
60%
Yttrium
53.8%
Potassium
51.8%
Beryllium
51.4%
Ytterbium
44.2%
Gallium
42%
Palladium
34.8%
Thallium
32.4%
Tennessine
28.2%
Oganesson
28.2%
Hassium
24.9%
Tellurium
22.4%
Remove Ads.
Support Sporcle.
Get the best of Sporcle when you Go Orange. This ad-free experience offers more features, more stats, and more fun while also helping to support Sporcle. Thank you for becoming a member.

You're not logged in!

Compare scores with friends on all Sporcle quizzes.
OR
Log In

Show Comments

Extras

Top Quizzes Today


Score Distribution

Your Account Isn't Verified!

In order to create a playlist on Sporcle, you need to verify the email address you used during registration. Go to your Sporcle Settings to finish the process.

Report this User

Report this user for behavior that violates our Community Guidelines.

Details: